Entry Nombre personal
001 - NÚMERO DE CONTROL
- campo de control: 159438
003 - IDENTIFICADOR DE NÚMERO DE CONTROL
- campo de control: SpMaBN
005 - FECHA Y HORA DE LA ÚLTIMA TRANSACCIÓN
- campo de control: 20231218155557.0
008 - ELEMENTOS DE DATO DE LONGITUD-FIJA
- campo de control de longitud fija: 160126n|#azznnaabn |n aaa ##
010 ## - NÚMERO DE CONTROL DE LA BIBLIOTECA DEL CONGRESO
- Número de control de LC: XX5569440
024 7# - IDENTIFICADOR DE OTROS ESTÁNDARES
- Número estándar o código: http://www.wikidata.org/entity/Q55688768
- Fuente: wikidata
024 7# - IDENTIFICADOR DE OTROS ESTÁNDARES
- Número estándar o código: http://viaf.org/viaf/10145541699096600743/
- Fuente: viaf
040 ## - FUENTE DE CATALOGACIÓN
- Centro catalogador/agencia de origen: SpMaBN
- Lengua de catalogación: spa
- Centro/agencia transcriptor: SpMaBN
- Normas de descripción: rdc
- Convención/Normas de encabezamiento de materia/tesauro: embne
046 ## - FECHAS CON CODIFICACIÓN ESPECIAL
- Fecha de nacimiento: 1960
100 1# - ENCABEZAMIENTO-NOMBRE DE PERSONA
- Nombre de persona: Caro Bernal, María Victoria,
- Fechas asociadas al nombre: 1960-
373 ## - GRUPO ASOCIADO
- Grupo asociado: Ateneo de Madrid
- Período de inicio: 2010
- Fuente de información: Censo mensual de socios 2023; Web del Ateneo
375 ## - GÉNERO/SEXO
- Género: Femenino
670 ## - FUENTE DE DATOS ENCONTRADOS
- Cita de la fuente: Tierra amada, 2014
- Información encontrada: port. (María Victoria Caro Bernal) solapa (n. 1960en Málaga; poeta, actriz y gestora cultural)
678 ## - DATOS BIOGRÁFICOS O HISTÓRICOS
- Datos biográficos o históricos: Socia del Ateneo de Madrid n. 31117; ingresó el 9/2/2010. Secretaria segunda del Ateneo en 2021-23
- Ampliación de la nota: Fuentes: Censo mensual de socios 2023; Web del Ateneo
